Systémové předpoklady dalšího rozvoje statistických zjišťování.

Organizácie jednotnej sústavy národohospodárskych ukazovateľov podľa vyhlášky č. 47/1985 Zb. Zabezpečenie operatívnosti formou metodických listov ukazovateľov. Možnosti prepojenia štatistických súborov a registrácia jednotiek zisťovania ako základné podmienky informačných sústav. Právne predpisy, me...

Descripción completa

Guardado en:
Detalles Bibliográficos
Autor principal: Blahník, J.
Otros Autores: Polednová, Zděnka
Formato: Capítulo de libro
Lenguaje:checo
Materias:
Etiquetas: Agregar Etiqueta
Sin Etiquetas, Sea el primero en etiquetar este registro!

MARC

LEADER 00000naa a2200000 4500
001 r002708
005 20220819181144.0
041 0 |a cze 
044 |a [CS] 
245 1 0 |a Systémové předpoklady dalšího rozvoje statistických zjišťování.  |c J. Blahník, Z. Polednová 
520 |a Organizácie jednotnej sústavy národohospodárskych ukazovateľov podľa vyhlášky č. 47/1985 Zb. Zabezpečenie operatívnosti formou metodických listov ukazovateľov. Možnosti prepojenia štatistických súborov a registrácia jednotiek zisťovania ako základné podmienky informačných sústav. Právne predpisy, metodika a zber a spracovanie dát v štatistike ČSFR. 
610 2 0 |a zisťovanie štatistické 
610 2 0 |a ukazovatele NH 
610 2 0 |a predpisy právne 
610 2 0 |a sústava informačná 
610 2 0 |a štatistika 
610 2 0 |a ČSFR 
100 1 |a Blahník, J. 
700 1 |a Polednová, Zděnka